[Event "Paul Keres mem (33rd)"]
[Site "Vancouver CAN"]
[Date "2008.05.19"]
[Round "6"]
[White "Gornall, Kirk"]
[Black "Davies, Lucas"]
[Result "0-1"]
[WhiteElo "2108"]
[BlackElo "2238"]
[PlyCount "34"]
[GameId "2160767910354802"]
[EventDate "2008.05.16"]
[EventType "swiss"]
[EventRounds "7"]
[EventCountry "CAN"]
[SourceTitle "EXT 2011"]
[Source "ChessBase"]
[SourceDate "2011.11.26"]
[SourceVersion "1"]
[SourceVersionDate "2011.11.26"]
[SourceQuality "1"]

1. Nf3 Nf6 2. g3 g6 3. Bg2 Bg7 4. O-O O-O 5. d3 d6 6. e4 c5 7. Nbd2 Nc6 8. a4 e5 9. Nc4 h6 10. c3 Be6 11. Nfd2 d5 12. exd5 Bxd5 13. Ne4 Nxe4 14. Bxe4 f5 15. Bxd5+ Qxd5 16. Qe2 Rad8 17. Rd1 e4 0-1

[Event "Paul Keres mem (33rd)"]
[Site "Vancouver CAN"]
[Date "2008.05.19"]
[Round "6.1"]
[White "Lee, Vicente jr."]
[Black "Toubale, Tarek"]
[Result "1-0"]
[WhiteElo "2356"]
[BlackElo "2173"]
[PlyCount "81"]
[GameId "2160767910354803"]
[EventDate "2008.05.16"]
[EventType "swiss"]
[EventRounds "7"]
[EventCountry "CAN"]

1. e4 e6 2. d4 d5 3. Nc3 Nf6 4. e5 Nfd7 5. f4 c5 6. Nf3 Nc6 7. Be3 a6 8. Be2 b5 9. O-O cxd4 10. Nxd4 Nxd4 11. Bxd4 Bc5 12. Bxc5 Nxc5 13. Qd4 Qb6 14. a4 b4 15. a5 Qa7 16. Na4 Nd7 17. Qxa7 Rxa7 18. Nb6 Nxb6 19. axb6 Ra8 20. Ra4 a5 21. Rfa1 Rb8 22. Rxa5 Rxb6 23. Rb5 Rxb5 24. Bxb5+ Kd8 25. Ra7 Rf8 26. Bd3 h6 27. Kf2 f6 28. Ke3 g5 29. g3 gxf4+ 30. Kxf4 fxe5+ 31. Kxe5 Rf2 32. Kd6 Rxh2 33. Rh7 Ke8 34. Rh8+ Kf7 35. Rxc8 b3 36. Rc3 bxc2 37. Rxc2 Rh3 38. Rf2+ Kg7 39. Rf3 h5 40. Bf1 Rh2 41. b4 1-0

[Event "Paul Keres mem (33rd)"]
[Site "Vancouver CAN"]
[Date "2008.05.19"]
[Round "6.2"]
[White "Selzler, Richard"]
[Black "Cheng, Bindi"]
[Result "0-1"]
[WhiteElo "2358"]
[BlackElo "2360"]
[PlyCount "124"]
[GameId "2160767910354804"]
[EventDate "2008.05.16"]
[EventType "swiss"]
[EventRounds "7"]
[EventCountry "CAN"]

1. d4 d5 2. c4 c6 3. Nf3 Nf6 4. Nc3 g6 5. g3 Bg7 6. Bg2 O-O 7. cxd5 cxd5 8. Ne5 Nc6 9. Nxc6 bxc6 10. O-O e5 11. dxe5 Ng4 12. e4 d4 13. Na4 Nxe5 14. Bf4 Ba6 15. Bxe5 Bxe5 16. Re1 d3 17. Qd2 Qd4 18. Nc3 Rab8 19. Rac1 Rxb2 20. Qxb2 d2 21. Red1 dxc1=Q 22. Rxc1 Rd8 23. Bf3 Rb8 24. Qa3 Qd2 25. Nb1 Qb2 26. Bd1 Qb5 27. Bb3 Qe2 28. Qc5 Qb2 29. Rd1 Be2 30. Re1 Bd3 31. Qc1 Rd8 32. Qxb2 Bxb2 33. Rd1 Rd4 34. Rd2 Ba1 35. Na3 Bxe4 36. Rxd4 Bxd4 37. Nc4 Kf8 38. Kf1 Bd3+ 39. Ke1 Bc3+ 40. Kd1 Ke7 41. h4 f6 42. a4 g5 43. hxg5 fxg5 44. g4 Kf6 45. f3 a5 46. Nd6 Ke5 47. Ne4 Bb4 48. Nxg5 Kf4 49. Nf7 c5 50. Bc2 c4 51. Bxd3 cxd3 52. g5 Bc3 53. Nd8 Kxf3 54. Ne6 Bb4 55. Kc1 Kg4 56. Nd8 Kf5 57. Nf7 d2+ 58. Kd1 Kg6 59. Ne5+ Kxg5 60. Nf3+ Kf4 61. Nxd2 Bxd2 62. Kxd2 h5 0-1

[Event "Paul Keres mem (33rd)"]
[Site "Vancouver CAN"]
[Date "2008.05.19"]
[Round "6.3"]
[White "Orlov, Georgi"]
[Black "Berry, Jonathan"]
[Result "1-0"]
[WhiteElo "2563"]
[BlackElo "2284"]
[PlyCount "71"]
[GameId "2160767910354805"]
[EventDate "2008.05.16"]
[EventType "swiss"]
[EventRounds "7"]
[EventCountry "CAN"]

1. d4 d6 2. Nf3 g6 3. c4 Bg7 4. g3 c6 5. Nc3 a6 6. a4 a5 7. Bg2 Nf6 8. O-O O-O 9. h3 Nbd7 10. e4 e5 11. Be3 exd4 12. Nxd4 Re8 13. Nb3 Ne5 14. Qe2 Be6 15. Nd2 Ned7 16. f4 Nh5 17. Kh2 f5 18. Rad1 Qe7 19. Rfe1 Qf7 20. Qf2 Bxc3 21. bxc3 Nhf6 22. Rb1 Nxe4 23. Bxe4 fxe4 24. Nxe4 Qf5 25. Ng5 Bxc4 26. g4 Qd3 27. Rxb7 Nf6 28. Bd4 Rxe1 29. Qxe1 Re8 30. Re7 Rf8 31. Nxh7 Qc2+ 32. Kg1 Bd5 33. Re2 Qxe2 34. Qxe2 Kxh7 35. Qe7+ Rf7 36. Qd8 1-0

[Event "Paul Keres mem (33rd)"]
[Site "Vancouver CAN"]
[Date "2008.05.19"]
[Round "6.4"]
[White "Cadman, Charles"]
[Black "Davies, Noam"]
[Result "1-0"]
[WhiteElo "2332"]
[BlackElo "2210"]
[PlyCount "51"]
[GameId "2160767910354806"]
[EventDate "2008.05.16"]
[EventType "swiss"]
[EventRounds "7"]
[EventCountry "CAN"]

1. e4 c5 2. Nf3 e6 3. d4 cxd4 4. Nxd4 a6 5. Bd3 Nf6 6. O-O Qc7 7. Qe2 d6 8. f4 Nbd7 9. c4 e5 10. Nf3 Nc5 11. Nc3 Bg4 12. f5 Nxd3 13. Qxd3 Bxf3 14. Rxf3 Rc8 15. b3 Nd7 16. Nd5 Qc6 17. Be3 Be7 18. Kh1 Bd8 19. Rd1 Nc5 20. Bxc5 dxc5 21. Rg3 Kf8 22. Qe2 b5 23. Nc3 bxc4 24. Qxc4 Be7 25. Rgd3 h6 26. Rd7 1-0

[Event "Paul Keres mem (33rd)"]
[Site "Vancouver CAN"]
[Date "2008.05.19"]
[Round "6.5"]
[White "Poitras, Luc"]
[Black "Patterson, Roger"]
[Result "1/2-1/2"]
[WhiteElo "2192"]
[BlackElo "2258"]
[PlyCount "56"]
[GameId "2160767910354807"]
[EventDate "2008.05.16"]
[EventType "swiss"]
[EventRounds "7"]
[EventCountry "CAN"]

1. c4 c5 2. Nf3 Nf6 3. Nc3 d5 4. cxd5 Nxd5 5. e4 Nb4 6. a3 Nd3+ 7. Bxd3 Qxd3 8. Qe2 Qxe2+ 9. Kxe2 Bd7 10. Nd5 Na6 11. Ne5 Rd8 12. d3 f6 13. Nxd7 Rxd7 14. Be3 e6 15. Nc3 Be7 16. Nb5 b6 17. Rhc1 Kf7 18. Rc4 Nb8 19. Rc2 Rhd8 20. b4 a6 21. Nc3 cxb4 22. axb4 Bxb4 23. Bxb6 Rc8 24. Rac1 Rb7 25. Na4 Rxc2+ 26. Rxc2 Nd7 27. Rc7 Rxc7 28. Bxc7 Ke7 1/2-1/2

[Event "Paul Keres mem (33rd)"]
[Site "Vancouver CAN"]
[Date "2008.05.19"]
[Round "7.1"]
[White "Orlov, Georgi"]
[Black "Lee, Vicente jr."]
[Result "1-0"]
[WhiteElo "2563"]
[BlackElo "2356"]
[PlyCount "108"]
[GameId "2160767910354808"]
[EventDate "2008.05.16"]
[EventType "swiss"]
[EventRounds "7"]
[EventCountry "CAN"]

1. Nf3 Nf6 2. c4 e6 3. g3 d5 4. Bg2 Be7 5. d4 O-O 6. Nc3 dxc4 7. Ne5 c5 8. dxc5 Qxd1+ 9. Nxd1 Bxc5 10. Nxc4 Nc6 11. Bxc6 bxc6 12. Be3 Bb4+ 13. Bd2 c5 14. a3 Bxd2+ 15. Nxd2 Ba6 16. Rc1 Rfc8 17. f3 Rab8 18. Kf2 Kf8 19. Rc2 Ke7 20. b3 Nd7 21. Nb2 f5 22. Rhc1 h6 23. Rc3 Rd8 24. R1c2 Bb5 25. Nf1 Rb6 26. Ne3 Rb7 27. g4 g6 28. gxf5 gxf5 29. Ng2 e5 30. Re3 Kf7 31. Rd2 Re8 32. Rc3 Re6 33. Ne3 Kf6 34. Rd1 Re8 35. h4 Ke6 36. h5 f4 37. Nec4 Bxc4 38. Nxc4 Reb8 39. Rd6+ Ke7 40. Rxh6 Rxb3 41. Rxb3 Rxb3 42. Ra6 e4 43. h6 e3+ 44. Kg2 Rb8 45. Kh3 Rg8 46. Rxa7 Ke6 47. Ra6+ Ke7 48. h7 Rh8 49. Rh6 Nf6 50. Kh4 Rxh7 51. Rxh7+ Nxh7 52. a4 Nf6 53. a5 Kd8 54. Nb6 Nd5 1-0

[Event "Paul Keres mem (33rd)"]
[Site "Vancouver CAN"]
[Date "2008.05.19"]
[Round "7.2"]
[White "Cheng, Bindi"]
[Black "Cadman, Charles"]
[Result "1-0"]
[WhiteElo "2360"]
[BlackElo "2332"]
[PlyCount "63"]
[GameId "2160767910354809"]
[EventDate "2008.05.16"]
[EventType "swiss"]
[EventRounds "7"]
[EventCountry "CAN"]

1. d4 Nf6 2. Bg5 c5 3. d5 Qb6 4. Nc3 Qxb2 5. Bd2 Qb6 6. e4 d6 7. Rb1 Qd8 8. Bb5+ Nbd7 9. f4 a6 10. Bxd7+ Qxd7 11. Nf3 g6 12. O-O Bg7 13. Qe1 O-O 14. a4 Qc7 15. h3 b6 16. Qh4 Bb7 17. f5 Rae8 18. Bh6 Nh5 19. Bxg7 Kxg7 20. Ne2 e6 21. g4 exf5 22. gxh5 h6 23. Nf4 fxe4 24. hxg6 fxg6 25. Nh2 g5 26. Qg3 Kh7 27. Ne6 Rxf1+ 28. Rxf1 Qe7 29. Ng4 Bxd5 30. Nf6+ Kh8 31. Nxe8 Bxe6 32. Qxd6 1-0

[Event "Paul Keres mem (33rd)"]
[Site "Vancouver CAN"]
[Date "2008.05.19"]
[Round "7.3"]
[White "Toubale, Tarek"]
[Black "Davies, Lucas"]
[Result "1/2-1/2"]
[WhiteElo "2173"]
[BlackElo "2238"]
[PlyCount "72"]
[GameId "2160767910354810"]
[EventDate "2008.05.16"]
[EventType "swiss"]
[EventRounds "7"]
[EventCountry "CAN"]

1. e4 c6 2. d4 d5 3. Nc3 dxe4 4. Nxe4 Nf6 5. Nxf6+ gxf6 6. Bc4 Bf5 7. Ne2 e6 8. Ng3 Bg6 9. h4 h5 10. Be3 Bd6 11. Ne2 Qc7 12. Qd2 Nd7 13. Nf4 Be4 14. f3 Bf5 15. O-O-O Nb6 16. Be2 O-O-O 17. Nxh5 Rxh5 18. g4 Bxc2 19. Qxc2 Rhh8 20. Kb1 Nd5 21. Bd2 Bf4 22. Bc4 Ne3 23. Bxe3 Bxe3 24. Qe4 Qf4 25. Qxf4 Bxf4 26. Kc2 Rd6 27. h5 Bh6 28. Rd3 Rhd8 29. Rhd1 Kc7 30. a3 R6d7 31. Kc3 Kd6 32. Rf1 Ke7 33. Rfd1 f5 34. gxf5 exf5 35. d5 c5 36. d6+ Rxd6 1/2-1/2

[Event "Paul Keres mem (33rd)"]
[Site "Vancouver CAN"]
[Date "2008.05.19"]
[Round "7.4"]
[White "Daswani, Benedict"]
[Black "Roua, Radu Laurentiu"]
[Result "1/2-1/2"]
[WhiteElo "2096"]
[BlackElo "2321"]
[PlyCount "81"]
[GameId "2160767910354811"]
[EventDate "2008.05.16"]
[EventType "swiss"]
[EventRounds "7"]
[EventCountry "CAN"]

1. g3 Nf6 2. d3 d5 3. Nf3 Nc6 4. Bg2 e5 5. O-O Be7 6. c4 d4 7. b4 Nxb4 8. Nxe5 O-O 9. Nd2 Re8 10. a3 Na6 11. Rb1 Bd6 12. Nef3 Bf8 13. Re1 h6 14. Qa4 Nc5 15. Qa5 b6 16. Qb5 Bb7 17. Qb2 Na4 18. Qxd4 Qxd4 19. Nxd4 Bxg2 20. Kxg2 Rad8 21. N4f3 Bc5 22. Nb3 Nc3 23. Rb2 Bxa3 24. Rc2 Bxc1 25. Nxc1 Na4 26. Ra2 b5 27. cxb5 Nc3 28. Rxa7 Nxb5 29. Rb7 Rb8 30. Rxb8 Rxb8 31. Na2 Ra8 32. Nb4 Ra4 33. Nc6 Ra2 34. h3 g5 35. Ncd4 Nc3 36. Rc1 Nxe2 37. Nxe2 Rxe2 38. Rxc7 g4 39. Ng1 Rd2 40. hxg4 Nxg4 41. Nh3 1/2-1/2

[Event "Paul Keres mem (33rd)"]
[Site "Vancouver CAN"]
[Date "2008.05.19"]
[Round "7.5"]
[White "Berry, Jonathan"]
[Black "Erichsen, Dan"]
[Result "1/2-1/2"]
[WhiteElo "2284"]
[BlackElo "2055"]
[PlyCount "66"]
[GameId "2160767910354812"]
[EventDate "2008.05.16"]
[EventType "swiss"]
[EventRounds "7"]
[EventCountry "CAN"]

1. c4 c6 2. Nf3 d5 3. b3 Bf5 4. Bb2 e6 5. e3 Nd7 6. Be2 Ngf6 7. Nc3 Bd6 8. d3 Rc8 9. e4 Bg4 10. Nd4 Bxe2 11. Qxe2 O-O 12. O-O-O Qa5 13. Kb1 Be5 14. Na4 b5 15. Nf3 Bxb2 16. Nxb2 bxc4 17. bxc4 dxe4 18. dxe4 Nc5 19. Nd2 Rb8 20. Nb3 Rxb3 21. axb3 Nfxe4 22. Qe1 Qa3 23. f3 Nf6 24. Qc3 Nxb3 25. Kc2 Rb8 26. Rd3 h6 27. Rhd1 Kh7 28. Rb1 Qa2 29. Qe5 Rb4 30. Qc3 Rb6 31. Rbd1 c5 32. Qxb3 Rxb3 33. Rxb3 Qa6 1/2-1/2

[Event "Pere Noel"]
[Site "Montreal CAN"]
[Date "2008.12.26"]
[Round "1"]
[White "Blais, Richard"]
[Black "Chabot, Roland"]
[Result "1-0"]
[WhiteElo "1914"]
[BlackElo "2285"]
[PlyCount "115"]
[GameId "2160767910285898"]
[EventDate "2008.12.26"]
[EventType "swiss"]
[EventRounds "5"]
[EventCountry "CAN"]
[SourceTitle "FQE 06"]

1. e4 c5 2. c3 Nf6 3. e5 Nd5 4. Nf3 e6 5. d4 cxd4 6. cxd4 d6 7. Bc4 Nc6 8. O-O Be7 9. Bxd5 exd5 10. Qb3 dxe5 11. dxe5 O-O 12. Nc3 d4 13. Rd1 Bg4 14. Bf4 Bxf3 15. gxf3 Bg5 16. Bg3 Qa5 17. Ne4 Be7 18. Qxb7 Rac8 19. Nd6 Rc7 20. Qb5 Qxb5 21. Nxb5 Rb7 22. Nxd4 Nxd4 23. Rxd4 Rxb2 24. Rd7 Bc5 25. e6 Re2 26. Rc1 Bb6 27. Bd6 Rxe6 28. Bxf8 Kxf8 29. Rc8+ Re8 30. Rxe8+ Kxe8 31. Rd3 Ke7 32. Kg2 Ke6 33. f4 g6 34. Rh3 h5 35. Rd3 Kf5 36. Kf3 Ke6 37. a4 Ke7 38. Rd5 Ke6 39. Rb5 Kd6 40. f5 Bd8 41. fxg6 fxg6 42. Ke4 Ke6 43. f4 a5 44. f5+ gxf5+ 45. Rxf5 h4 46. h3 Bc7 47. Rh5 Bd8 48. Kf4 Kd6 49. Kg4 Kc6 50. Rxh4 Bxh4 51. Kxh4 Kc5 52. Kg4 Kb4 53. h4 Kxa4 54. h5 Kb3 55. h6 a4 56. h7 a3 57. h8=Q Ka2 58. Qc3 1-0

[Event "Pere Noel"]
[Site "Montreal CAN"]
[Date "2008.12.26"]
[Round "1"]
[White "Giroux, Robert"]
[Black "Kovalyov, Anton"]
[Result "0-1"]
[WhiteElo "1980"]
[BlackElo "2571"]
[PlyCount "84"]
[GameId "2160767910285899"]
[EventDate "2008.12.26"]
[EventType "swiss"]
[EventRounds "5"]
[EventCountry "CAN"]
[SourceTitle "FQE 06"]

1. e4 c5 2. Nf3 d6 3. d4 cxd4 4. Nxd4 Nf6 5. Nc3 a6 6. Be3 e5 7. Nf3 Be7 8. Bc4 O-O 9. Qd2 Nc6 10. Bg5 Be6 11. Bb3 Nh5 12. Bxe7 Qxe7 13. Nd5 Qd8 14. O-O-O Bg4 15. Ne3 Bxf3 16. gxf3 g6 17. Nd5 Kg7 18. f4 Qh4 19. fxe5 dxe5 20. Qe3 Rad8 21. c3 Na5 22. Rdg1 Nxb3+ 23. axb3 f5 24. f3 fxe4 25. Qxe4 Qxe4 26. fxe4 Nf4 27. Rd1 Rf7 28. Nxf4 Rxd1+ 29. Rxd1 exf4 30. e5 g5 31. Rg1 Kg6 32. h4 h6 33. hxg5 hxg5 34. Kd2 Re7 35. Ke2 Rxe5+ 36. Kf2 Rd5 37. Ke2 Kf5 38. b4 g4 39. c4 Re5+ 40. Kd3 f3 41. Rf1 Kf4 42. Kd4 Re2 0-1

[Event "Pere Noel"]
[Site "Montreal CAN"]
[Date "2008.12.26"]
[Round "1"]
[White "Larochelle, Martial"]
[Black "Girouard, Michel"]
[Result "1-0"]
[WhiteElo "2216"]
[BlackElo "1845"]
[PlyCount "95"]
[GameId "2160767910285901"]
[EventDate "2008.12.26"]
[EventType "swiss"]
[EventRounds "5"]
[EventCountry "CAN"]
[SourceTitle "FQE 06"]

1. Nf3 f5 2. d3 g6 3. e4 d6 4. Nc3 Bg7 5. d4 Nf6 6. e5 dxe5 7. Nxe5 Be6 8. Be3 Nbd7 9. Nxd7 Qxd7 10. Be2 Rd8 11. Qd2 O-O 12. Rd1 c6 13. O-O Rfe8 14. h3 Bf7 15. Qc1 Qc7 16. Bf3 a6 17. a3 e5 18. dxe5 Qxe5 19. Rxd8 Rxd8 20. Re1 Qa5 21. b4 Qc7 22. Bf4 Qc8 23. Re7 Rd7 24. Qe1 Qd8 25. Rxd7 Qxd7 26. Qe3 Ne8 27. Na4 Bd4 28. Qe2 Be6 29. Be3 Bxe3 30. Qxe3 Kf7 31. Be2 Nd6 32. Nc5 Qe7 33. Qd4 Bd5 34. c4 Qxe2 35. cxd5 Nb5 36. Qh8 Qd1+ 37. Kh2 Qxd5 38. Qxh7+ Kf6 39. Nd7+ Ke6 40. Nf8+ Ke5 41. Nxg6+ Kd4 42. Qh4+ Kc3 43. Qg3+ Kb2 44. h4 Nd6 45. Nf4 Qd4 46. h5 Ne4 47. Qf3 Nxf2 48. Qxf2+ 1-0

[Event "Pere Noel"]
[Site "Montreal CAN"]
[Date "2008.12.26"]
[Round "1"]
[White "Leveille, Francois"]
[Black "Weston, Paul"]
[Result "1-0"]
[WhiteElo "2307"]
[BlackElo "1923"]
[PlyCount "119"]
[GameId "2160767910285902"]
[EventDate "2008.12.26"]
[EventType "swiss"]
[EventRounds "5"]
[EventCountry "CAN"]
[SourceTitle "FQE 06"]

1. d4 d5 2. c4 e6 3. Nf3 c6 4. g3 f5 5. Bg2 Nf6 6. O-O Be7 7. b3 O-O 8. Ba3 Bxa3 9. Nxa3 a5 10. Nc2 Na6 11. e3 Bd7 12. Ne5 b5 13. Qe2 Qe7 14. Rfc1 Rfc8 15. Ne1 Be8 16. N1d3 a4 17. c5 Nc7 18. Qe1 Qd8 19. Rcb1 a3 20. Nb4 Na6 21. Nc2 Nb8 22. Qc1 Qa5 23. b4 Qa6 24. Rb3 Qb7 25. Nxa3 Nbd7 26. Nd3 Ra6 27. Nb1 Rca8 28. a3 Ne4 29. f3 Ng5 30. Nc3 Nf7 31. Rbb1 e5 32. a4 e4 33. fxe4 fxe4 34. Ne1 Nf6 35. axb5 cxb5 36. Rxa6 Qxa6 37. Nc2 Ng5 38. Ra1 Qc8 39. Rxa8 Qxa8 40. Qf1 Qa6 41. Qf4 h6 42. Qe5 Nf7 43. Qe7 Bd7 44. Nxd5 Qa2 45. Nxf6+ gxf6 46. Qxd7 Qxc2 47. h4 Qc1+ 48. Kh2 Qxe3 49. Qe8+ Kg7 50. Qxe4 Qd2 51. Qg4+ Kf8 52. Qf4 Qxb4 53. Qxf6 Qc4 54. Kh3 b4 55. Qf5 Qxd4 56. Bd5 Qg7 57. c6 h5 58. Qxf7+ Qxf7 59. Bxf7 Kxf7 60. c7 1-0

[Event "Pere Noel"]
[Site "Montreal CAN"]
[Date "2008.12.26"]
[Round "1"]
[White "Lopez Linares, Lizandro"]
[Black "Arsenault, Nicolas"]
[Result "1-0"]
[WhiteElo "1867"]
[BlackElo "2252"]
[PlyCount "95"]
[GameId "2160767910285903"]
[EventDate "2008.12.26"]
[EventType "swiss"]
[EventRounds "5"]
[EventCountry "CAN"]
[SourceTitle "EXT 2011"]
[Source "ChessBase"]
[SourceDate "2011.11.26"]
[SourceVersion "1"]
[SourceVersionDate "2011.11.26"]
[SourceQuality "1"]

1. d4 Nf6 2. Nf3 e6 3. Bf4 b6 4. e3 Bb7 5. Nbd2 Be7 6. h3 O-O 7. Be2 d6 8. O-O Nbd7 9. a4 a6 10. c4 a5 11. Qc2 c5 12. Rfd1 Nb8 13. Rac1 Na6 14. b3 Nb4 15. Qb1 h6 16. g4 g5 17. Bg3 Ra7 18. e4 Qa8 19. d5 e5 20. Nf1 Qd8 21. Ne3 Re8 22. Nf5 Bf8 23. Nh2 Bc8 24. h4 Nh7 25. Nf3 Bg7 26. hxg5 hxg5 27. Kg2 Nf8 28. Rh1 Ng6 29. Rh5 f6 30. Rch1 Bf8 31. Qg1 Bg7 32. Qh2 Bxf5 33. gxf5 Nf8 34. Qh3 Qe7 35. Nh2 Rea8 36. Ng4 Kf7 37. Nh6+ Bxh6 38. Rxh6 Ke8 39. Rh8 Kd7 40. Qh6 Kc7 41. Rg8 Nd7 42. Rg7 Qf8 43. Qh7 Rd8 44. Rf7 Qe8 45. Rxf6 Kb8 46. Rxd6 Nc2 47. Re6 Qf8 48. Re7 1-0

[Event "Pere Noel"]
[Site "Montreal CAN"]
[Date "2008.12.26"]
[Round "1"]
[White "Masse, Hugues"]
[Black "Lalonde, Paul"]
[Result "1/2-1/2"]
[Annotator ",user"]
[WhiteElo "2257"]
[BlackElo "1906"]
[PlyCount "57"]
[GameId "2160767910285904"]
[EventDate "2008.12.26"]
[EventType "swiss"]
[EventRounds "5"]
[EventCountry "CAN"]
[SourceTitle "FQE 06"]

1. d4 d5 2. c4 dxc4 3. Nf3 Nf6 4. e3 e6 5. Bxc4 c5 6. O-O Be7 7. Qe2 O-O 8. Rd1 Qc7 9. dxc5 Bxc5 10. a3 a6 11. b4 Be7 12. Bb2 b5 13. Bb3 Bb7 14. Nc3 Nc6 15. e4 Rfd8 16. e5 Ng4 17. Re1 Rac8 18. Rac1 Qb6 19. Ne4 Nxb4 20. Rxc8 Rxc8 21. Bd4 Qc6 22. axb4 Bxb4 23. Nfd2 Rd8 24. Qxg4 Rxd4 25. Re2 h5 26. Nf6+ Kf8 27. Nh7+ Kg8 28. Nf6+ Kf8 29. Nh7+ 1/2-1/2

[Event "Pere Noel"]
[Site "Montreal CAN"]
[Date "2008.12.26"]
[Round "1"]
[White "Petit, Raymond"]
[Black "Luksza, Arkadiusz"]
[Result "0-1"]
[WhiteElo "1845"]
[BlackElo "2228"]
[PlyCount "108"]
[GameId "2160767910285905"]
[EventDate "2008.12.26"]
[EventType "swiss"]
[EventRounds "5"]
[EventCountry "CAN"]
[SourceTitle "FQE 06"]

1. d4 e6 2. c4 f5 3. g3 Nf6 4. Bg2 c6 5. Nh3 d5 6. O-O Bd6 7. Bf4 O-O 8. cxd5 cxd5 9. Nc3 Nc6 10. Rc1 Bxf4 11. Nxf4 Bd7 12. Na4 b6 13. Rxc6 Bxc6 14. Nxe6 Qe8 15. Nc7 Qd7 16. Nxa8 Bxa4 17. b3 Bc6 18. Nxb6 axb6 19. Re1 Rc8 20. Qd2 Qd6 21. f3 Bb7 22. Rc1 Rxc1+ 23. Qxc1 g6 24. Kf2 Kg7 25. Qc2 Ne8 26. e3 Qc6 27. Qb2 Nd6 28. Bf1 Nb5 29. Bd3 Qc3 30. Qe2 Nd6 31. Kg2 Bc6 32. Kf2 Bd7 33. Kg2 Qc1 34. h3 Qc3 35. Kf2 Qa5 36. Qc2 Bb5 37. Qc7+ Nf7 38. Bxb5 Qxb5 39. Qc3 Qd7 40. Qb4 Qc6 41. Qd2 Nd6 42. a4 Nb7 43. Qb2 Kf7 44. Ke2 Nd6 45. Kd2 Ne8 46. Qa2 Qd6 47. f4 Nf6 48. Ke2 Ne4 49. Qc2 Nxg3+ 50. Kf3 Ne4 51. Qc8 Kg7 52. h4 Qe7 53. h5 Qh4 54. h6+ Kxh6 0-1

[Event "Pere Noel"]
[Site "Montreal CAN"]
[Date "2008.12.26"]
[Round "1"]
[White "Sambuev, Bator"]
[Black "Morin, Louis"]
[Result "1-0"]
[WhiteElo "2493"]
[BlackElo "1960"]
[PlyCount "55"]
[GameId "2160767910285906"]
[EventDate "2008.12.26"]
[EventType "swiss"]
[EventRounds "5"]
[EventCountry "CAN"]
[SourceTitle "FQE 06"]

1. e4 e5 2. Nf3 d6 3. d4 Nf6 4. Nc3 Nbd7 5. Bc4 Be7 6. O-O O-O 7. Re1 c6 8. a4 Qc7 9. Ba2 a5 10. h3 exd4 11. Nxd4 Nc5 12. Bg5 Ne6 13. Bh4 Nxd4 14. Qxd4 Nh5 15. Bxe7 Qxe7 16. Rad1 Rd8 17. e5 d5 18. g4 Qg5 19. Ne4 Qg6 20. Nd6 Qg5 21. Nxc8 Raxc8 22. h4 Qxh4 23. gxh5 Qxh5 24. Rd3 c5 25. Qf4 d4 26. Rg3 Rc6 27. e6 fxe6 28. Qf6 1-0

[Event "Pere Noel"]
[Site "Montreal CAN"]
[Date "2008.12.26"]
[Round "1"]
[White "Tessier, Olivier"]
[Black "Ramaswamy, Kiran"]
[Result "1-0"]
[WhiteElo "2201"]
[BlackElo "1830"]
[PlyCount "97"]
[GameId "2160767910285907"]
[EventDate "2008.12.26"]
[EventType "swiss"]
[EventRounds "5"]
[EventCountry "CAN"]
[SourceTitle "EXT 2011"]
[Source "ChessBase"]
[SourceDate "2011.11.26"]
[SourceVersion "1"]
[SourceVersionDate "2011.11.26"]
[SourceQuality "1"]

1. c4 e5 2. Nc3 g6 3. g3 Bg7 4. Bg2 Ne7 5. e3 c6 6. Nge2 O-O 7. O-O d5 8. cxd5 Nxd5 9. Nxd5 cxd5 10. d4 e4 11. b3 Nc6 12. Ba3 Re8 13. Qd2 Be6 14. Rac1 Qd7 15. Nf4 g5 16. Nxe6 fxe6 17. Qe2 e5 18. dxe5 Nxe5 19. Rfd1 Nd3 20. Rxd3 exd3 21. Qxd3 Rad8 22. Rc5 d4 23. Qc4+ Kh8 24. Rc7 Qf5 25. e4 b5 26. Qd3 Qe5 27. Rf7 g4 28. Rf5 Qc7 29. Rxb5 Qc3 30. Bf1 Qe1 31. Rd5 Rxd5 32. exd5 Qa5 33. Qb5 Qxb5 34. Bxb5 Re1+ 35. Kg2 Re5 36. Bc4 d3 37. Bb4 Re2 38. Bxd3 Rxa2 39. d6 Bf6 40. d7 Bd8 41. Bf5 h5 42. Bg6 a5 43. Bc3+ Kg8 44. Bxh5 Rc2 45. Be5 Rd2 46. Bxg4 Bb6 47. Kh3 Kf8 48. Bf4 Rd3 49. Bg5 1-0

[Event "Pere Noel"]
[Site "Montreal CAN"]
[Date "2008.12.27"]
[Round "2"]
[White "Barbeau, Sylvain"]
[Black "Leutschaft, Martin"]
[Result "1/2-1/2"]
[WhiteElo "2404"]
[BlackElo "2144"]
[PlyCount "80"]
[GameId "2160767910285909"]
[EventDate "2008.12.26"]
[EventType "swiss"]
[EventRounds "5"]
[EventCountry "CAN"]
[SourceTitle "FQE 06"]

1. e4 e5 2. Nf3 Nf6 3. d4 Nxe4 4. Bd3 d5 5. Nxe5 Nd7 6. Nc3 Nxc3 7. bxc3 Nxe5 8. dxe5 Bc5 9. Qh5 Qe7 10. O-O h6 11. Rb1 Bb6 12. Rb3 Be6 13. a4 O-O-O 14. Ba3 Qg5 15. Qxg5 hxg5 16. Be7 Rde8 17. Bxg5 Bd7 18. Bf4 Bxa4 19. Ra3 Bd7 20. Bg3 Be6 21. Rb1 c5 22. Be2 c4 23. Bf3 Rd8 24. Bf4 Kc7 25. g3 Rd7 26. h4 Bc5 27. Ra5 Kc6 28. Kg2 Ra8 29. h5 b6 30. Ra6 Bf5 31. Ra2 a5 32. g4 Bh7 33. h6 gxh6 34. Rh1 Bg6 35. Rxh6 Rg8 36. Rh1 Ra7 37. Rd1 Rd8 38. Rda1 Rda8 39. Rd1 Rd8 40. Rda1 Rda8 1/2-1/2

[Event "Pere Noel"]
[Site "Montreal CAN"]
[Date "2008.12.27"]
[Round "2"]
[White "Fragniere, Thierry"]
[Black "Larochelle, Martial"]
[Result "1-0"]
[WhiteElo "2042"]
[BlackElo "2216"]
[PlyCount "59"]
[GameId "2160767910285910"]
[EventDate "2008.12.26"]
[EventType "swiss"]
[EventRounds "5"]
[EventCountry "CAN"]
[SourceTitle "FQE 06"]

1. d4 Nf6 2. Nf3 g6 3. c4 Bg7 4. Nc3 d5 5. Qb3 dxc4 6. Qxc4 O-O 7. e4 Nc6 8. Bf4 Nh5 9. Be3 Bg4 10. d5 Na5 11. Qa4 Bxf3 12. gxf3 c6 13. dxc6 Nxc6 14. Rd1 Qc8 15. f4 Qg4 16. h3 Qf3 17. Rg1 Bxc3+ 18. bxc3 Nf6 19. Bg2 Qh5 20. e5 Ne8 21. Qb3 Ng7 22. Qxb7 Rad8 23. Rc1 Na5 24. Qb5 Nf5 25. Qxa5 Rd3 26. Be4 Rxe3+ 27. fxe3 Qxh3 28. Qxa7 Nxe3 29. Ke2 Nc4 30. Qd4 1-0

[Event "Pere Noel"]
[Site "Montreal CAN"]
[Date "2008.12.27"]
[Round "2"]
[White "Ibrahim, Anthony"]
[Black "Sambuev, Bator"]
[Result "0-1"]
[WhiteElo "2163"]
[BlackElo "2493"]
[PlyCount "50"]
[GameId "2160767910285911"]
[EventDate "2008.12.26"]
[EventType "swiss"]
[EventRounds "5"]
[EventCountry "CAN"]
[SourceTitle "FQE 06"]

1. d4 Nf6 2. Nc3 d5 3. f3 c5 4. e4 cxd4 5. Qxd4 Nc6 6. Bb5 Bd7 7. Bxc6 Bxc6 8. e5 Nd7 9. Be3 e6 10. Nge2 Bc5 11. Qd2 Qh4+ 12. Kf1 Bxe3 13. Qxe3 O-O 14. Nd4 f6 15. exf6 Rxf6 16. Nxc6 bxc6 17. Rd1 Raf8 18. Ke2 e5 19. Qxa7 Qg5 20. Rhf1 d4 21. Rd3 dxc3 22. Rxd7 cxb2 23. Qb7 e4 24. Qb3+ Kh8 25. Qxb2 Qxg2+ 0-1

[Event "Pere Noel"]
[Site "Montreal CAN"]
[Date "2008.12.27"]
[Round "2"]
[White "Jiang, Louie"]
[Black "Blais, Richard"]
[Result "1-0"]
[WhiteElo "2202"]
[BlackElo "1914"]
[PlyCount "61"]
[GameId "2160767910285912"]
[EventDate "2008.12.26"]
[EventType "swiss"]
[EventRounds "5"]
[EventCountry "CAN"]
[SourceTitle "FQE 06"]

1. e4 e5 2. Nf3 Nc6 3. Bb5 a6 4. Ba4 d6 5. O-O Nf6 6. Re1 b5 7. Bb3 Be7 8. c3 O-O 9. h3 Na5 10. Bc2 c5 11. d4 Nc6 12. Be3 Qc7 13. Nbd2 Bb7 14. Rc1 Rad8 15. Qe2 Rfe8 16. d5 Na7 17. b4 Bc8 18. a4 c4 19. axb5 Nxb5 20. Ba4 Bd7 21. Nxc4 Rc8 22. Nb6 Rb8 23. Nxd7 Nxd7 24. c4 Na7 25. Bxd7 Qxd7 26. c5 Rxb4 27. c6 Qc7 28. Qxa6 Nc8 29. Rb1 Rxe4 30. Rb7 Qd8 31. Rd7 1-0